000 02196nam a22004217a 4500
001 BRCA_9186
003 FranzMayer
005 20220809125341.0
008 190927s2019 fr a b 001 0 fre d
010 _a 2019460339
020 _a9782406091769
_q(libro de bolsillo)
040 _bspa
_cMFM
041 _afre
050 0 0 _aB4515.H85
_bC68 2019 v.118
100 1 _aCourcelles, Dominique de,
_d1953-
_eautor
_928411
245 1 0 _aHabiter merveilleusement le monde :
_bPalais, jardins, demeures spirituelles en Espagne (XVe-XVIIe siècle)
_cDominique de Courcelles
264 1 _aParis :
_bClassiques Garnier,
_c2019.
300 _a352 p. :
_bil. ;
_c15 x 22 cm.
336 _atext
_btxt
_2rdacontent
337 _aunmediated
_bn
_2rdamedia
338 _avolume
_bnc
_2rdacarrier
490 1 _aÉtudes et essais sur la Renaissance,
_x2105-8814 ;
_v118
500 _aUbicación: L60-N1
500 _aIncluye imágenes de la Colección Museo Franz Mayer (p. 152-153)
504 _aReferencias bibliográficas (p. 325-335).
504 _aÍndice (p. 349-352)
520 _aEn España desde el siglo XV al XVII, con los grandes viajes y exploraciones de mundos desconocidos, el arte de construir palacios o jardines, de escribir un viaje experimental o una búsqueda mística, de pintar paisajes y glorias celestiales, atestigua una renovación de la mirada - filosófica, alquímica, teológica, política. Esta obra se divide en cuatro partes dedicadas a palacios, jardines y moradas espirituales, a las maravillas del universo desde Sevilla a México, a la mística de los paisajes y la magia natural, a la representación del infinito.
650 0 _aHumanismo
_zEspaña
_ySiglos XV-XVII
_928412
650 0 _aPalacios
_zEspaña
_ySiglos XV-XVII
_928413
650 0 _aJardines
_zEspaña
_ySiglos XV-XVII
_928414
650 0 _aFilosofía
_xEstética
_zEspaña
_928415
830 0 _aÉtudes et essais sur la Renaissance ;
_v118.
_928416
906 _a7
_bcbc
_ccopycat
_d3
_encip
_f20
_gy-gencatlg
942 _2lcc
_cB
999 _c10805
_d10805